Written by Aaron Sorkin Quiz Stats

 Plays Quiz Updated Apr 2, 2020

Support Sporcle.
Go Orange.
Score 0/11 Timer 04:00
0 Plays Today
% Correct
The West Wing
93.8%
The Newsroom
70.9%
The Social Network
66.6%
Sports Night
60.3%
Studio 60 on the Sunset Strip
54.3%
A Few Good Men
48%
The American President
40.7%
Steve Jobs
40.2%
Moneyball
29.3%
Charlie Wilson's War
19.4%
Malice
12.2%

You're not logged in!

Compare scores with friends on all Sporcle quizzes.
OR
Log In

From the Vault

Three Letter 'E' Words

by Chenchilla

This won't be as eeeasy as you think.
Remove Ads.
Support Sporcle.
Get the best of Sporcle when you Go Orange. This ad-free experience offers more features, more stats, and more fun while also helping to support Sporcle. Thank you for becoming a member.

Show Comments

Extras

Top Quizzes Today


Score Distribution

Your Account Isn't Verified!

In order to create a playlist on Sporcle, you need to verify the email address you used during registration. Go to your Sporcle Settings to finish the process.

Report this User

Report this user for behavior that violates our Community Guidelines.

Details: